KOHA-Header-6

Microprecessors And Interfacing (Record no. 8101)

000 -LEADER
fixed length control field 00244nam a2200109Ia 4500
020 ## - INTERNATIONAL STANDARD BOOK NUMBER
ISBN 978-0070257436
100 ## - MAIN ENTRY--AUTHOR NAME
Personal name Douglas V. Hall
245 #0 - TITLE STATEMENT
Title Microprecessors And Interfacing
260 ## - PUBLICATION, DISTRIBUTION, ETC. (IMPRINT)
Place of publication USA
Name of publisher McGraw Hill
Year of publication 2002
300 ## - PHYSICAL DESCRIPTION
Number of Pages 720
942 ## - ADDED ENTRY ELEMENTS (KOHA)
Koha item type Books
Holdings
Withdrawn status Lost status Collection code Permanent Location Current Location Shelving location Date acquired Full call number Accession Number Koha item type
    Computer Science MAJU MAJU Shelf No.A19 2019-09-13 005.2 2533 Computer Science

Powered by Koha